00496nam a2200133Ia 4500008004100000024006000041082001800101100007700119245006300196260002600259600002700285650003300312999001700345260210s9999 xx 000 0 und d a12B-174-EL, 12B-187-EL, 12B-190-EL & 12B-194-EL a616.07072 SYE aSyed Usman Ali Hussaini, Rooshatay Mahtab, Ahsan Nisar & Usman Ghani 0aVoltage/Frequency Control of an Induction Motor Using FPGA aKarachi:bUITU,c2012 aElectrical Engineering aBachelor of Engineering (BE) c33178d33178